| 000 | 00608nam a2200217 i 4500 | ||
|---|---|---|---|
| 001 | 42854 | ||
| 003 | ES-MaACL | ||
| 005 | 20250712062543.0 | ||
| 007 | t| | ||
| 008 | 030314s1972 sp ||||1| spa d | ||
| 080 | _a821.134.2-4"19" | ||
| 100 | 1 |
_aCela, Camilo José, _d1916-2002 _937336 |
|
| 245 | 1 | 3 |
_aLa rueda de los ocios / _cCamilo José Cela. |
| 250 | _a3ª ed. | ||
| 260 |
_aMadrid : _bAlfaguara, _c1972. |
||
| 300 |
_a323 p. ; _c21 cm. |
||
| 490 | 1 |
_aPluma ; _v1. Autores españoles |
|
| 830 | 1 |
_aPluma ; _v1. Autores españoles _9181962 |
|
| 852 | 4 |
_aES-MaACL _jC-42397 |
|
| 999 |
_c42854 _d42854 |
||